logo

Bir Sreshtho Munshi Abdur Rouf Library
Jhenaidah Cadet College

Land's Polaroid : (Record no. 4064)

MARC details
000 -LEADER
fixed length control field 00860cam a2200289 a 4500
001 - CONTROL NUMBER
JCCL Control Number 4064
003 - CONTROL NUMBER IDENTIFIER
JCCL marc code BD-JhCC
005 - DATE AND TIME OF LATEST TRANSACTION
control field 20180402120626.0
008 - FIXED-LENGTH DATA ELEMENTS--GENERAL INFORMATION
fixed length control field 870413s1987 mauaf 001 0beng
020 ## - INTERNATIONAL STANDARD BOOK NUMBER
International Standard Book Number 0395421144 :
Terms of availability $18.95
035 ## - SYSTEM CONTROL NUMBER
system control number (BD-JhCC)4064
040 ## - CATALOGING SOURCE
Original cataloging agency DLC
Transcribing agency DLC
Modifying agency DLC
041 ## - LANGUAGE CODE
Language code of Book eng
050 00 - LIBRARY OF CONGRESS CALL NUMBER
Classification number TR140.L28
Item number W46 1987
082 00 - DEWEY DECIMAL CLASSIFICATION NUMBER
Classification number 338.7/681418
DDC Edition number 19
Author mark and Year WEN 1987
100 1# - MAIN ENTRY--PERSONAL NAME
Personal name Wensberg, Peter C.
245 10 - TITLE STATEMENT
Title Land's Polaroid :
Remainder of title a company and the man who invented it /
Statement of responsibility, etc Peter C. Wensberg.
260 ## - PUBLICATION, DISTRIBUTION, ETC. (IMPRINT)
Place of publication, distribution, etc Boston :
Name of publisher, distributor, etc Houghton Mifflin,
Date of publication, distribution, etc 1987.
300 ## - PHYSICAL DESCRIPTION
Pagination 258 p., [24] p. of plates :
Other physical details ill. ;
Dimensions 24 cm.
500 ## - GENERAL NOTE
General note "A Peter Davison book."
500 ## - GENERAL NOTE
General note Includes index.
600 10 - SUBJECT ADDED ENTRY--PERSONAL NAME
Personal name Land, Edwin Herbert,
Dates associated with a name 1909-1991.
610 20 - SUBJECT ADDED ENTRY--CORPORATE NAME
Corporate name or jurisdiction name as entry element Polaroid Corporation
650 #0 - SUBJECT ADDED ENTRY--TOPICAL TERM
Topical term or geographic name as entry element Polaroid Land camera
General subdivision History.
942 ## - ADDED ENTRY ELEMENTS (KOHA)
Source of classification or shelving scheme Dewey Decimal Classification
Koha item type Books
Holdings
Source of classification or shelving scheme Damaged status Not for loan Home library Current library Shelving location Date of accession Source of acquisition Cost, normal purchase price Total Checkouts Full call number Barcode Date last seen Copy number Koha item type
Dewey Decimal Classification     JCC Rouf Library JCC Rouf Library General Stacks 11/22/2017 The Asia Foundation 18.50   338.7/681418 WEN 1987 5722 11/22/2017 C- 1 Books

JCC Library | Contacts | JCC Home

Last Update on 23 September 2017
Copyright @ 2017-2020 JCC Rouf Library
Rouf Library, Jhenidah Cadet College (JCC), Bangladesh